| 000 | 00542nam a2200217Ia 4500 | ||
|---|---|---|---|
| 001 | 263 | ||
| 005 | 20251203123022.0 | ||
| 008 | 251203t2001||||xx |||||||||||||| ||spa|| | ||
| 020 | _a9972625508 | ||
| 041 | _aESP | ||
| 082 |
_a920 _bL539 |
||
| 110 | _aLexus | ||
| 245 | 0 |
_aGrandes forjadores del Perú _b |
|
| 260 |
_aLima : _bLexus Editores _c2001 |
||
| 300 |
_a448 páginas : _b ilustraciones, retratos ; _c 27 cm. _e |
||
| 440 |
_a _n _v |
||
| 650 | _aGEH | ||
| 653 | _aBiografías, historia | ||
| 654 | _aCTP | ||
| 942 |
_cLIB _dJUS _fMIP _2ddc _n |
||
| 999 |
_c263 _d263 |
||